| Tag |
First Indicator |
Second Indicator |
Subfields |
| LEADER |
00000cam a2200000Ia 4500 |
| 001 |
in00002339898 |
| 005 |
20151108052219.0 |
| 008 |
860613s1986 caua t f000 0 eng d |
| 035 |
|
|
|a (OCoLC)ocm13728211
|
| 035 |
|
|
|a (OCoLC)13728211
|
| 040 |
|
|
|a AFS
|c AFS
|d OCL
|d OCLCQ
|d TXA
|d UtOrBLW
|
| 049 |
|
|
|a TXAM
|
| 090 |
|
|
|a TA417.U5
|b T4 no.N-1749
|
| 100 |
1 |
|
|a Palo, Paul A.
|
| 245 |
1 |
0 |
|a Current-induced vessel forces and yaw moments from full-scale measurements /
|c by Paul A. Palo.
|
| 264 |
|
1 |
|a Port Hueneme, Calif. :
|b Naval Civil Engineering Laboratory,
|c 1986.
|
| 300 |
|
|
|a 1 volume (various pagings) :
|b illustrations ;
|c 28 cm.
|
| 336 |
|
|
|a text
|b txt
|2 rdacontent
|
| 337 |
|
|
|a unmediated
|b n
|2 rdamedia
|
| 338 |
|
|
|a volume
|b nc
|2 rdacarrier
|
| 490 |
1 |
|
|a NCEL technical note ;
|v N-1749
|
| 500 |
|
|
|a "March 1986."
|
| 513 |
|
|
|a Final.
|b Feb. 1983 - Jul. 1985.
|
| 536 |
|
|
|a Sponsored by Naval Facilities Engineering Command
|d 44-063.
|
| 650 |
|
0 |
|a Tankers.
|
| 710 |
2 |
|
|a Naval Civil Engineering Laboratory (Port Hueneme, Calif.)
|
| 830 |
|
0 |
|a Technical note (Naval Civil Engineering Laboratory (Port Hueneme, Calif.)) ;
|v no. N-1749.
|
| 994 |
|
|
|a C0
|b TXA
|
| 948 |
|
|
|a cataloged
|b h
|c 2007/11/13
|d c
|e jlanham
|f 1:34:30 pm
|
| 999 |
|
|
|a MARS
|
| 999 |
f |
f |
|s c15668e0-ee3f-36fe-9200-6c344e46f82f
|i 8e467c41-c9b0-377b-8661-2340d39ed937
|t 0
|
| 952 |
f |
f |
|p ric
|a Texas A&M University
|b Rellis Campus
|c Joint Library Facility
|d Remote Storage
|t 0
|e TA417.U5 T4 no.N-1749
|h Library of Congress classification
|i unmediated -- volume
|m A14836889243
|
| 998 |
f |
f |
|a TA417.U5 T4 no.N-1749
|t 0
|l Remote Storage
|